Voprosy organizaciji kolchoznogo proizvodstva
Gespeichert in:
| Format: | Buch |
|---|---|
| Sprache: | Russisch |
| Veröffentlicht: |
Moskva
[s.n.]
1946
|
| Tags: |
Keine Tags, Fügen Sie das erste Tag hinzu!
|
MARC
| LEADER | 00000nam a2200000 4500 | ||
|---|---|---|---|
| 001 | 0268983 | ||
| 005 | 20240822101713.8 | ||
| 041 | 0 | |a rus | |
| 044 | |a RU | ||
| 245 | 1 | 0 | |a Voprosy organizaciji kolchoznogo proizvodstva |
| 264 | 1 | |a Moskva |b [s.n.] |c 1946 | |